<?xml version="1.0" encoding="UTF-8"?>
<marc:record xmlns:marc="http://www.loc.gov/MARC21/slim">
   <marc:leader>00000nam a2200000 a 4500</marc:leader>
   <marc:datafield ind1="1" ind2=" " tag="100">
      <marc:subfield code="a">Moyes, Jojo</marc:subfield>
      <marc:subfield code="4">aut</marc:subfield>
      <marc:subfield code="e">Verfasser/-in</marc:subfield>
   </marc:datafield>
   <marc:datafield ind1="1" ind2=" " tag="100">
      <marc:subfield code="a">Fell, Karolina</marc:subfield>
      <marc:subfield code="4">trl</marc:subfield>
      <marc:subfield code="e">Übersetzer/-in</marc:subfield>
   </marc:datafield>
   <marc:datafield ind1=" " ind2=" " tag="653">
      <marc:subfield code="a">1. Weltkrieg</marc:subfield>
   </marc:datafield>
   <marc:datafield ind1=" " ind2=" " tag="653">
      <marc:subfield code="a">Gemälde</marc:subfield>
   </marc:datafield>
   <marc:datafield ind1=" " ind2=" " tag="653">
      <marc:subfield code="a">Frankreich</marc:subfield>
   </marc:datafield>
   <marc:datafield ind1="0" ind2="0" tag="245">
      <marc:subfield code="a">Ein Bild von dir</marc:subfield>
   </marc:datafield>
   <marc:datafield ind1="0" ind2="0" tag="245">
      <marc:subfield code="c">Jojo Moyes. Aus dem Engl. von Karolina Fell</marc:subfield>
   </marc:datafield>
   <marc:datafield ind1=" " ind2="1" tag="264">
      <marc:subfield code="a">Berlin</marc:subfield>
      <marc:subfield code="b">Rowohlt</marc:subfield>
      <marc:subfield code="c">2015</marc:subfield>
   </marc:datafield>
   <marc:datafield ind1="1" ind2=" " tag="520">
      <marc:subfield code="a">Zwei Paare - getrennt durch ein Jahrhundert, verbunden durch ein Gemälde.#Während um sie herum der Erste Weltkrieg tobt, versucht Sophie stark zu sein - für ihre Familie, für ihren Mann Édouard, der auf Seiten Frankreichs kämpft. Nur ein Gemälde ist ihr geblieben, das sie an ihr gemeinsames Glück erinnert. Ein Porträt, das Édouard einst von ihr malte. Und das ihn jetzt retten soll ...#Hundert Jahre später. Liv trauert um ihren Mann David. Vor vier Jahren ist er gestorben, viel zu früh. Livs kostbarster Besitz: ein Gemälde, das er ihr einst schenkte. Der Maler: Édouard. Das Modell: Sophie. Als ihr dieses Gemälde genommen werden soll, ist sie bereit, alles zu opfern. Auch das eigene Glück ...</marc:subfield>
   </marc:datafield>
   <marc:datafield ind1=" " ind2=" " tag="020">
      <marc:subfield code="a">9783499269721</marc:subfield>
      <marc:subfield code="9">9783499269721</marc:subfield>
   </marc:datafield>
   <marc:datafield ind1=" " ind2=" " tag="041">
      <marc:subfield code="a">ger</marc:subfield>
   </marc:datafield>
   <marc:datafield ind1=" " ind2=" " tag="300">
      <marc:subfield code="a">538 S.</marc:subfield>
   </marc:datafield>
</marc:record>
